Sergio Zevallos (Record no. 821)

MARC details
000 -LEADER
campo de control de longitud fija 00671nam a22001697a 4500
008 - DATOS DE LONGITUD FIJA--INFORMACIÓN GENERAL
campo de control de longitud fija 160120b xxu||||| |||| 00| 0 eng d
020 ## - NÚMERO INTERNACIONAL ESTÁNDAR DEL LIBRO
Número Internacional Estándar del Libro 9786120018941
082 ## - NÚMERO DE LA CLASIFICACIÓN DECIMAL DEWEY
Número de clasificación 708
Número de ítem Z631s
100 ## - ENTRADA PRINCIPAL--NOMBRE DE PERSONA
Nombre de persona Lopez, Miguel A.
9 (RLIN) 4463
245 ## - MENCIÓN DEL TÍTULO
Título Sergio Zevallos
Resto del título La Muerte obscena : Dibujos 1982-1987
Mención de responsabilidad, etc. Miguel A. Lopez
260 ## - PUBLICACIÓN, DISTRIBUCIÓN, ETC.
Lugar de publicación, distribución, etc. Lima, Perú
Nombre del editor, distribuidor, etc. Proyecto AMIL
Fecha de publicación, distribución, etc. 2015
300 ## - DESCRIPCIÓN FÍSICA
Extensión (unpaged)
Otras características físicas ill; col
Dimensiones 30 cm
500 ## - NOTA GENERAL
Nota general Acompaña un libro de Textos.
505 ## - NOTA DE CONTENIDO CON FORMATO
Título Rosas
-- Que tu carne es el cielo recién nacido
-- Altares
-- Sangre y Ceniza. Variaciones sobre la bandera
650 ## - PUNTO DE ACCESO ADICIONAL DE MATERIA--TÉRMINO DE MATERIA
Fuente del encabezamiento o término Arte Contemporaneo
Término de materia o nombre geográfico como elemento de entrada Sergio Zevallos
Subdivisión general Exhibiciones
Subdivisión geográfica Perú
9 (RLIN) 4464
700 ## - ENTRADA AGREGADA--NOMBRE PERSONAL
Nombre de persona Lopez, Miguel A.
9 (RLIN) 4465
Holdings
Estatus retirado Estado de pérdida Fuente del sistema de clasificación o colocación Estado de daño No para préstamo Biblioteca de origen Biblioteca actual Ubicación en estantería Fecha de adquisición Total de préstamos Signatura topográfica completa Código de barras Visto por última vez Precio de reemplazo Tipo de ítem Koha
    Clasificación Decimal Dewey     Biblioteca LadoV Biblioteca LadoV   20/01/2016   708 Z631s 004139 20/01/2016 20/01/2016 Material 01